Statistics for Name a Valid Country by its Independence

Click here to take the quiz!

General Stats

  • This quiz has been taken 988 times
  • The average score is 13 of 15

Answer Stats

Former occupantCountry% Correct
United KingdomUnited States, India, Nigeria...
100%
SpainArgentina, Mexico, Netherlands...
96%
FranceHaiti, Lebanon, Algeria...
96%
PortugalBrazil, Angola, Cape Verde...
95%
Soviet UnionRussia, Ukraine, Kazakhstan...
93%
SudanSouth Sudan
92%
YugoslaviaBosnia and Herzegovina, Croatia, Slovenia...
90%
NetherlandsSuriname, Indonesia, Belgium...
88%
ColombiaEcuador, Venezuela, Panama
87%
BelgiumDemocratic Republic of the Congo, Rwanda, Burundi
84%
United StatesLiberia, Philippines, Marshall Islands...
81%
MalaysiaSingapore
80%
AustraliaNauru, Papua New Guinea
79%
South AfricaNamibia
73%
DenmarkIceland
71%

Score Distribution

Percentile by Number Answered

Percent of People with Each Score

Your Score History

You have not taken this quiz